banner-ar

فنانون في مراسم اباطرة المغول في الهند / (Record no. 63772)

MARC details
000 -الفاتح
حقل البيانات ثابتة الطول 01014nam a22002537a 4500
005 - وقت وتاريخ اخر تعامل مع التسجيلة
رقم الضبط 20240530110658.0
008 - عناصر البيانات ثابتة الطول - معلومات عامة
حقل البيانات ثابتة الطول 171224s2001 ua fk f b 000 0 ara d
017 ## - رقم الايداع القانونى
رقم الايداع القانونى 19774
المصدر ( الهيئة المختصة) مصر . دار الكتب
020 ## - الرقم الدولى المعيارى للكتب
الرقم الدولى المعيارى للكتاب 9773142612
040 ## - مصدر الفهرسة
وكالة الفهرسة الأصلية EG-CaGPL
082 04 - رقم تصنيف ديوى العشرى
رقم الطبعة 21
رقم التصنيف 709.1/
رقم المادة م ف
100 0# - المدخل الرئيسى - إسم شخصى
الإسم الشخصى منى سيد علي حسن
245 10 - بيان العنوان
العنوان فنانون في مراسم اباطرة المغول في الهند /
بيان المسئوليه,etc تأليف منى سيد علي حسن ؛ مرجعة وتقديم محمود ابراهيم حسين
250 ## - بيان الطبعة
بيان الطبعة ط . 1
260 ## - PUBLICATION, DISTRIBUTION, ETC. (IMPRINT)
تاريخ النشر أو التوزيع 2005 .
300 ## - الوصف المادى
التعداد 135 ص :
تفاصيل ماديه اخرى للوعاء ايض ؛
أبعاد الوعاء 24 سم .
504 ## - تبصرة ببليوجرافية
تبصرة ببليوجرافية,الخ ببليوجرافية : ص 128 -131
650 07 - المدخل الاضافى بالموضوع-مصطلح موضوعى
مصدر الرأس أو المصطلح qrmak
مصطلح موضوعي الفن
التقسيم الفرعي العام تاريخ ونقد
650 07 - المدخل الاضافى بالموضوع-مصطلح موضوعى
مصدر الرأس أو المصطلح qrmak
مصطلح موضوعي الفنانون
التقسيم الفرعي العام تراجم
650 07 - المدخل الاضافى بالموضوع-مصطلح موضوعى
مصدر الرأس أو المصطلح qrmak
مصطلح موضوعي الفنانون الهنديون
700 0# - المدخل الاضافى - اسم شخصى
الإسم الشخصى محمود ابراهيم حسين
الدور مراجع
942 ## - عناصر المدخل الإضافي( كوها)
مصدر التصنيف او مخطط الترفيف Dewey Decimal Classification
Koha [default] item type كتاب
260 ## - PUBLICATION, DISTRIBUTION, ETC. (IMPRINT)
-- القاهرة :
-- مكتبة زهراء الشرق ،
Holdings
حالة التراجع حالة الفقد حالة تلف ليس للاعارة المكان المؤقت الموقع الحالى تاريخ الاكتساب اجمالي اﻻعارات رقم الطلب الباركود تاريخ اخر مشاهدة تاريخ تفعيل السعر نوع وعاء كوها
        مكتبة الحضارة الاسلامية مكتبة الحضارة الاسلامية 12/24/2017   709.1/ م ف 163882 12/24/2017 12/24/2017 كتاب

Powered By

EGPV